000 00313nam a2200133Ia 4500
999 _c203
_d203
003 OSt
008 191201s2005 xx 000 0 und d
100 _aJEEVANANDAM, C
245 0 _aForeign Exchange and Risk Management
260 _aN. delhi
_bSultan Chand
_c2005
300 _a432
650 _aMBA
942 _2ddc
_cBK